000 00301nam a22001457a 4500
008 210303b ||||| |||| 00| 0 eng d
020 _a9780471381570
041 _aeng
080 _27th
_a510
082 _a510
100 _a36
101 _aMAT
245 _aCalculus
_cAnton, H
942 _2udc
_cBK
999 _c55680
_d55680